Never touch a huge elephant / (Record no. 48555)
| 000 -LEADER | |
|---|---|
| fixed length control field | 00330nam a2200109 4500 |
| 020 ## - INTERNATIONAL STANDARD BOOK NUMBER | |
| International Standard Book Number | 9781800581401 |
| 100 ## - MAIN ENTRY--PERSONAL NAME | |
| Personal name | Greening, Rosie, |
| Relator term | author. |
| 9 (RLIN) | 79020 |
| 245 ## - TITLE STATEMENT | |
| Title | Never touch a huge elephant / |
| Statement of responsibility, etc | By Rosie Greening. |
| 260 ## - PUBLICATION, DISTRIBUTION, ETC. (IMPRINT) | |
| Place of publication, distribution, etc | UK. ; |
| Name of publisher, distributor, etc | Make believe ideas. , |
| Date of publication, distribution, etc | 2021. |
| 300 ## - PHYSICAL DESCRIPTION | |
| Extent | unpaged. |
| Dimensions | 7.32 x 0.79 x 7.32 inches. |
| 942 ## - ADDED ENTRY ELEMENTS (KOHA) | |
| Source of classification or shelving scheme | |
| Koha item type | Board Book |
| Withdrawn status | Lost status | Source of classification or shelving scheme | Damaged status | Not for loan | Home library | Current library | Date acquired | Total Checkouts | Full call number | Barcode | Date last seen | Date checked out | Price effective from | Koha item type |
|---|---|---|---|---|---|---|---|---|---|---|---|---|---|---|
| Logos International School | Logos International School | 03/11/2025 | 14 | BB GRE | 040485 | 04/30/2026 | 03/26/2026 | 03/11/2025 | Board Book |